Language Quiz

Random Language Quiz

Most Commonly Used English Words Starting with G Quiz Stats

 Plays Quiz not verified by Sporcle

Challenge
Share
Tweet
Embed
Score 0/15 Timer 04:00
0 Plays Today
Rank Word % Correct
49Go
97.1%
47Get
91.4%
577Gone
85.7%
127Great
77.1%
97Give
74.3%
65Good
71.4%
247Got
71.4%
457Game
65.7%
Rank Word % Correct
288Girl
57.1%
442Green
51.4%
263Grow
40%
248Group
22.9%
516General
22.9%
579Glass
22.9%
388Ground
14.3%

You're not logged in!

Compare scores with friends on all Sporcle quizzes.
Join for Free
OR
Log In

You Might Also Like...

Show Comments

Extras

Top Quizzes Today


Score Distribution

Your Account Isn't Verified!

In order to create a playlist on Sporcle, you need to verify the email address you used during registration. Go to your Sporcle Settings to finish the process.

Report this User

Report this user for behavior that violates our Community Guidelines.

Details: